| 000 | 00559nam a2200169 i 4500 | ||
|---|---|---|---|
| 001 | 34885 | ||
| 003 | ES-MaACL | ||
| 005 | 20230906155020.0 | ||
| 007 | t| | ||
| 008 | 030211s1971 sp ||||1| spa d | ||
| 100 | 1 |
_aBoros, Ladislao. _930538 |
|
| 245 | 1 | 0 |
_aVivir de esperanza _b: expectación del tiempo futuro en la ideología cristiana / _cLadislao Boros ; [versión por José Mª Querol]. |
| 260 |
_aEstella (Navarra) : _bVerbo Divino, _c[1971] |
||
| 300 |
_a147 p. ; _c18 cm. |
||
| 700 | 1 |
_aQuerol, José. _994543 |
|
| 852 |
_aES-MaACL _jC-45448 _bR.79198 |
||
| 999 |
_c34885 _d34885 |
||